| 000 | 00533nam a2200181Ia 4500 | ||
|---|---|---|---|
| 003 | OSt | ||
| 005 | 20200929122850.0 | ||
| 008 | 190216s9999||||xx |||||||||||||| ||und|| | ||
| 040 | _coclc | ||
| 082 |
_a591.3 _bPAT/E |
||
| 100 |
_aPatten, Bradley M _95137 |
||
| 245 | 0 |
_aEarly Embryology Of The Chick / _cBradley M Patten |
|
| 250 | _a5th Ed. | ||
| 260 |
_bTata Mcgraw Hill Publishing Company Ltd, _c1951. _aNew Delhi: |
||
| 300 | _a284p | ||
| 650 | _aZoology | ||
| 942 |
_cBK _2ddc _h591.3 _iPAT/E _k591.3 _mPAT/E |
||
| 999 |
_c37362 _d37362 |
||